=LDR 00000nam 2200000 4500 =001 INLIS000000000014995 =005 20130612110256 =008 ***********************************Ind** =035 ##$$0010-061300000014995 =041 ##$$a Ind =082 ##$$a 634.65 =090 ##$$a 634.65, Sun s =100 ##$$a Santoso, Hieronymus budi =245 ##$$a Salak pondok, Hieronymus budi santoso =260 ##$$a 1990 $b Yogyakarta =300 ##$$a 60 hlm, m =650 ##$$a Salak pondok =850 ##$$a NBPNMAT